NHL Stanley Cup Champions (Expert Level) - Sudden Death - Statistics

General Stats
  • This quiz has been taken 1,234 times
  • The average score is 16 of 26
Answers on the Grid
Answers color-coded by a green-red scale on the quiz's grid according to % correct below.
Anaheim Ducks
(Mighty Ducks of Anaheim)
Arizona Coyotes
Atlanta Flames
Atlanta Thrashers
Bay Area Seals
Boston Bruins
Brooklyn Americans
Buffalo Sabres
Calgary Flames
California Golden Seals
California Seals
Carolina Hurricanes
Chicago Blackhawks (Chicago Black Hawks)
Cleveland Barons
Colorado Avalanche
Colorado Rockies
Columbus Blue Jackets
Dallas Stars
Detroit Cougars
Detroit Falcons
Detroit Red Wings
Edmonton Oilers
Florida Panthers
Hamilton Tigers
Hartford Whalers
Kansas City Scouts
Los Angeles Kings
Minnesota North Stars
Minnesota Wild
Montreal Canadiens
Montreal Maroons
Montreal Wanderers
Nashville Predators
New Jersey Devils
New York Americans
New York Islanders
New York Rangers
Oakland Seals
Ottawa Senators
Philadelphia Flyers
Philadelphia Quakers
Phoenix Coyotes
Pittsburgh Penguins
Pittsburgh Pirates
Quebec Bulldogs
Quebec Nordiques
San Jose Sharks
Seattle Kraken
St. Louis Blues
St. Louis Eagles
Tampa Bay Lightning
Toronto Hockey Club (Toronto Arenas)
Toronto Maple Leafs
Toronto St. Patricks
Utah Hockey Club
Vancouver Canucks
Vegas Golden Knights
Washington Capitals
Winnipeg Jets
 
Answer Stats
Answer % Correct
1929, 1939, 1941, 1970, 1972, 2011 Boston Bruins
82%
2007 Anaheim Ducks
(Mighty Ducks of Anaheim)
80%
1936,1937, 1943, 1950, 1952, 1954, 1955, 1997, 1998, 2002, 2008 Detroit Red Wings
76%
1934, 1938, 1961, 2010, 2013, 2015 Chicago Blackhawks (Chicago Black Hawks)
75%
1996, 2001, 2022 Colorado Avalanche
75%
2024 Florida Panthers
75%
1984, 1985, 1987, 1988, 1990 Edmonton Oilers
74%
2012, 2014 Los Angeles Kings
71%
1924, 1930, 1931, 1944, 1946, 1953, 1956, 1957, 1958, 1959, 1960, 1965, 1966, 1968, 1969, 1971, 1973, 1976, 1977, 1978, 1979, 1986, 1993 Montreal Canadiens
70%
2006 Carolina Hurricanes
69%
1928, 1933, 1940, 1994 New York Rangers
67%
1991, 1992, 2009, 2016, 2017 Pittsburgh Penguins
67%
1989 Calgary Flames
66%
1999 Dallas Stars
65%
1932, 1942, 1945, 1947, 1948, 1949,1951, 1962, 1963, 1964, 1967 Toronto Maple Leafs
64%
2018 Washington Capitals
64%
1995, 2000, 2003 New Jersey Devils
63%
2004, 2020, 2021 Tampa Bay Lightning
63%
1980, 1981, 1982, 1983 New York Islanders
62%
2019 St. Louis Blues
62%
2023 Vegas Golden Knights
62%
1974, 1975 Philadelphia Flyers
61%
1926, 1935 Montreal Maroons
41%
1920, 1921, 1923, 1927 Ottawa Senators
36%
1918 Toronto Hockey Club (Toronto Arenas)
26%
1922 Toronto St. Patricks
21%
No matching quizzes found
Score Distribution
Percent of People with Each Score
Percentile by Number Answered
Your Score History
You have not taken this quiz